000 01123cam a22003137a 4500
003 CHAP
005 20220329140252.0
008 971013s1985 r 00010 d
010 _a49507
011 _a50479
035 _a54629
040 _cCHAP
090 _aTesis
100 0 0 _aRobledo Acosta, Laura Alicia.
_998031
245 0 _aEfecto de diferentes labores de cultivo y época de los mismos en el control de malezas y la captación de agua en el cultivo de maíz (Zea mays L.)
260 _aMarín, N. L. :
_bEl autor,
_c1985
300 _a174 h.
502 _aTesis (Ing. Agr. Parasitólogo) -- Universidad Autónoma de Nuevo León. Facultad de AGronomía
590 _aALEPH
_b10
_c20130110
_lUCH01
_h1322
590 _aBATCH-UPD
_b10
_c20130110
_lUCH01
_h1320
590 _aBATCH-UPD
_b10
_c20130410
_lUCH01
_h0830
590 _aBATCH-UPD
_b10
_c20130914
_lUCH01
_h1752
590 _aCONVERSION
_b10
_c20130109
_lUCH01
_h1327
650 1 4 _aMaíz
_xAgua requerida.
_970851
650 1 4 _aMaíz
_xMalas hierbas
_xControl.
_971003
901 _aBK
942 _cTESIS
949 _bBC
_cTES
_d-120413
_eTS1
_h20763
_i54629
_si
999 _c49507
_d49507